000 00874cam a2200229 4500
008 090401t1992 xxu||||| |||| 00| 0 eng d
020 _a092005823X
035 _a(Sirsi) u60202
041 _aeng
050 _a333.730971
110 _aAppraisal Institute of Canada
_9829
245 _aContaminated real estate: implications for real estate appraisers.
260 _aWinnipeg, Canada
_bAppraisal Institute of Canada
_c1992
300 _a92p. ; 28cm.
350 _a0
520 _aThe Appraisal Institute of Canada commissioned this research paper in order to improve the understanding of the implications of real estate contamination for appraisers. Covers sources of contamination, legal issues, evaluation, valuation and policies.
650 _aCANADA
650 _aCONTAMINATED LAND
690 _aOVERSEAS-NORTH AMERICA
942 _n0
948 _c04/03/1997
999 _c94207
_d94207